banner koha

Essa bolha pode estourar? (Registro n. 330960)

MARC details
000 -LÍDER
fixed length control field 00787nab a2200241 4500
003 - CÓDIGO MARC DA AGÊNCIA CATALOGADORA
Campo de controle BR-BrBNA
005 - DATA E HORA DA ÚLTIMA ATUALIZAÇÃO
Campo de controle 20250410115023.0
008 - CAMPO DE TAMANHO FIXO
fixed length control field 250410b bl.||||| |||| 00| 0 por d
040 ## - FONTE DA CATALOGAÇÃO
Agência catalogadora BR-BrBNA
Idioma da catalogação por
072 ## - CATEGORIA AGRIS
Código AGRIS F01 ; E16 ; P06
Código do objeto 0230 ; 8961
100 ## - ENTRADA PRINCIPAL - NOME PESSOAL
Nome pessoal Andrade, Lívia
245 ## - TÍTULO PRINCIPAL
Título principal Essa bolha pode estourar?
Subtítulo Agroeconomia
500 ## - NOTA GERAL
Nota geral 2 illus.
942 ## - ADDED ENTRY ELEMENTS (KOHA)
Koha item type Analítica
650 ## - ASSUNTO - THESAGRO
Cabeçalho tópico ou nome geográfico CANA DE AÇÚCAR
650 ## - ASSUNTO - THESAGRO
Cabeçalho tópico ou nome geográfico ÁLCOOL
650 ## - ASSUNTO - THESAGRO
Cabeçalho tópico ou nome geográfico BIOCOMBUSTÍVEL
650 ## - ASSUNTO - THESAGRO
Cabeçalho tópico ou nome geográfico GANHO DE PRODUÇÃO
650 ## - ASSUNTO - THESAGRO
Cabeçalho tópico ou nome geográfico USINA AÇUCAREIRA
650 ## - ASSUNTO - THESAGRO
Cabeçalho tópico ou nome geográfico PETRÓLEO
773 0# - ENTRADA ANALÍTICA
Host Biblionumber 1706
Registro do item 346669
Imprenta São Paulo-SP Editora Três Ltda - E-mail: luizfsa@revistadinheiro.com.br 2004
Outro identificador 2024-7380
Título Dinheiro Rural (Brazil)
ISSN 1807-3700
Colação v. 3(24) p. 24-25; (Oct 2006)
Número de controle de registro BR2025000566

Nenhum exemplar disponível.

BINAGRI

Telefone: (61)3218-2567/2388/3357/2097 - binagri@agro.gov.br

Ministério da Agricultura e Pecuária , Esplanada dos Ministérios, Bloco D, Anexo B, Brasília/DF, CEP: 70.043-900